000 01039nam a22003257a 4500
001 BR0600809
003 BR-BrBNA
005 20230928102059.0
007 ta
008 230509b bl.||||| |||| 00| 0 por d
040 _aBR-BrBNA
_bpor
_cBiblioteca Nacional de Agricultura
041 _a(Por)
072 _aL10; L53
_b5213
_b5214
090 _ 5213 BR0600809
100 1 _aAraujo, M.C.C. de
110 1 _aUniversidade Federal de Minas Gerais, Belo Horizonte (Brasil). Escola de Veterinária
_0Tese (Doutor em Ciência Animal)
245 1 _aInterferon-tau em embriões bovino produzidos in vitro a fresco e congelados
260 3 _aBelo Horizonte, MG (Brasil):
_c2003.
300 _a43 p.
500 _aSummaries (Eng, Por); Bibliography p. 30-37; 5 illus.
650 _aBOVINO
650 _aREPRODUÇÃO ANIMAL
650 _aEMBRIÃO ANIMAL
650 _aCONGELAMENTO
650 _aBIOTECNOLOGIA
650 _aCULTURA DE EMBRIÃO
650 _aCULTURA IN VITRO
909 _a202309
_bLucia
_c55
_dLucia Elande
942 _cBK
999 _c69049
_d69049